Effectif Turquie - Coupe du monde 2026 - Statistiques

Statistiques générales
  • Ce quiz a été pris 7 fois
  • Le résultat moyen est 8 sur 27
Statistiques - réponses
Poste Club Numéro Joueur % Correct
Attaquant Real Madrid 8 Arda Güler
100%
Attaquant FC Porto 9 Deniz Gül
100%
Attaquant Juventus Turin 11 Kenan Yıldız
100%
Attaquant Galatasaray 21 Barış Alper Yılmaz
57%
Défenseur Al-Ahli SFC 3 Merih Demiral
57%
Milieu Borussia Dortmund 5 Salih Özcan
57%
Défenseur Brighton & Hove Albion 20 Ferdi Kadioğlu
43%
Milieu Inter Milan 10 Hakan Çalhanoğlu
43%
Défenseur AS Roma 2 Zeki Çelik
43%
Gardien Manchester United 12 Altay Bayındır
29%
Attaquant Eintracht Francfort 26 Can Uzun
29%
Attaquant Fenerbahçe 7 Kerem Aktürkoğlu
29%
Milieu Beşiktaş JK 6 Orkun Kökçü
29%
Défenseur Fenerbahçe 4 Çağlar Söyüncü
14%
Défenseur TSG 1899 Hoffenheim 15 Ozan Kabak
14%
Sélectionneur - - Vincenzo Montella
14%
Défenseur Galatasaray 14 Abdülkerim Bardakcı
0%
Défenseur Galatasaray 13 Eren Elmalı
0%
Attaquant Kasımpaşa SK 17 Irfan Can Kahveci
0%
Milieu Fenerbahçe 16 Ismail Yüsek
0%
Milieu Galatasaray 22 Kaan Ayhan
0%
Gardien Fenerbahçe 1 Mert Günok
0%
Défenseur Fenerbahçe 18 Mert Müldür
0%
Attaquant Fenerbahçe 24 Oğuz Aydin
0%
Défenseur Çaykur Rizespor 25 Samet Akaydin
0%
Gardien Galatasaray 23 Uğurcan Çakır
0%
Attaquant Galatasaray 19 Yunus Akgün
0%
Aucun quiz correspondant
Distribution des résultats
% des personnes avec chaque résultat
Percentile par nombre de réponses
Votre historique - résultats
Vous n’avez pas pris ce quiz